[Event "Silkway Cup"]
[Site "T#646345FIDE"]
[Date "2020.05.28"]
[Round "8"]
[White "MammadyarovaZ"]
[Black "HasanzadeT"]
[Result "0-1"]
[WhiteElo "2121"]
[BlackElo "1786"]
[PlyCount "86"]
[EventDate "2020.05.28"]
[EventType "swiss (blitz)"]

1. d4 {[%emt 0:00:03]} Nf6 {[%emt 0:00:02]} 2. Nf3 {[%emt 0:00:02]} g6 {[%emt 0:00:02]} 3. g3 {[%emt 0:00:01]} d5 {[%emt 0:00:01]} 4. Bg2 {[%emt 0:00:02]} Bg7 {[%emt 0:00:00]} 5. O-O {[%emt 0:00:01]} O-O {[%emt 0:00:00]} 6. b3 {[%emt 0:00:00]} c5 {[%emt 0:00:04]} 7. Bb2 {[%emt 0:00:06]} Ne4 {[%emt 0:00:09]} 8. Nbd2 {[%emt 0:00:08]} Nc6 {[%emt 0:00:02]} 9. e3 {[%emt 0:00:12]} Bg4 {[%emt 0:00:32]} 10. h3 {[%emt 0:00:04]} Bxf3 {[%emt 0:00:01]} 11. Nxf3 {[%emt 0:00:02]} Rc8 {[%emt 0:00:04]} 12. Ne5 {[%emt 0:00:14]} e6 {[%emt 0:00:00]} 13. Nxc6 {[%emt 0:00:22]} bxc6 {[%emt 0:00:05]} 14. Qd3 {[%emt 0:00:09]} cxd4 {[%emt 0:00:05]} 15. exd4 {[%emt 0:00:03]} Nd6 {[%emt 0:00:12]} 16. c4 {[%emt 0:00:04]} Nf5 {[%emt 0:00:04]} 17. Rfd1 {[%emt 0:00:04]} c5 {[%emt 0:00:03]} 18. cxd5 {[%emt 0:00:05]} exd5 {[%emt 0:00:04]} 19. Rac1 {[%emt 0:00:04]} Nxd4 {[%emt 0:00:08]} 20. Kh1 {[%emt 0:00:24]} Re8 {[%emt 0:00:07]} 21. Rd2 {[%emt 0:00:16]} Qd6 {[%emt 0:00:29]} 22. Qf1 {[%emt 0:00:06]} Rcd8 {[%emt 0:00:22]} 23. b4 {[%emt 0:00:04]} Ne6 {[%emt 0:00:26]} 24. Rxd5 {[%emt 0:00:04]} Qb6 {[%emt 0:00:02]} 25. Bxg7 {[%emt 0:00:02]} Kxg7 {[%emt 0:00:04]} 26. bxc5 {[%emt 0:00:02]} Qb2 {[%emt 0:00:09]} 27. a4 {[%emt 0:00:22]} Nd4 {[%emt 0:00:08]} 28. Rxd8 {[%emt 0:00:04]} Rxd8 {[%emt 0:00:02]} 29. c6 {[%emt 0:00:02]} Rc8 {[%emt 0:00:07]} 30. c7 {[%emt 0:00:09]} Ne6 {[%emt 0:00:04]} 31. Rb1 {[%emt 0:00:22]} Qc2 {[%emt 0:00:06]} 32. Rc1 {[%emt 0:00:08]} Qxa4 {[%emt 0:00:02]} 33. Bc6 {[%emt 0:00:04]} Qa3 {[%emt 0:00:07]} 34. Ra1 {[%emt 0:00:06]} Qc5 {[%emt 0:00:02]} 35. Bd7 {[%emt 0:00:02]} Rxc7 {[%emt 0:00:02]} 36. Bxe6 {[%emt 0:00:01]} Qc6+ {[%emt 0:00:02]} 37. Kh2 {[%emt 0:00:01]} Qxe6 {[%emt 0:00:01]} 38. Qb1 {[%emt 0:00:01]} Qf6 {[%emt 0:00:04]} 39. Ra2 {[%emt 0:00:01]} a5 {[%emt 0:00:02]} 40. Rxa5 {[%emt 0:00:01]} Qxf2+ {[%emt 0:00:02]} 41. Kh1 {[%emt 0:00:01]} Rc2 {[%emt 0:00:01]} 42. Qa1+ {[%emt 0:00:01]} Rb2 {[%emt 0:00:01]} 43. Qg1 {[%emt 0:00:05]} Qf3+ {[%emt 0:00:01] MammadyarovaZ Ñäàåòñÿ (Lag: Av=0.55s, max=1.1s)} 0-1

[Event "Silkway Cup"]
[Site "T#646345FIDE"]
[Date "2020.05.28"]
[Round "8"]
[White "SuleymanliAydin1"]
[Black "Nanadzagnidze"]
[Result "1-0"]
[WhiteElo "2077"]
[BlackElo "1969"]
[PlyCount "63"]
[EventDate "2020.05.28"]
[EventType "swiss (blitz)"]

1. d4 {[%emt 0:00:01]} Nf6 {[%emt 0:00:03]} 2. c4 {[%emt 0:00:02]} e6 {[%emt 0:00:02]} 3. Nc3 {[%emt 0:00:01]} Bb4 {[%emt 0:00:03]} 4. e3 {[%emt 0:00:01]} O-O {[%emt 0:00:03]} 5. Nge2 {[%emt 0:00:01]} Re8 {[%emt 0:00:01]} 6. a3 {[%emt 0:00:02]} Bf8 {[%emt 0:00:01]} 7. Ng3 {[%emt 0:00:14]} e5 {[%emt 0:00:08]} 8. d5 {[%emt 0:00:02]} a5 {[%emt 0:00:03]} 9. Bd3 {[%emt 0:00:06]} Na6 {[%emt 0:00:03]} 10. Bc2 {[%emt 0:00:04]} d6 {[%emt 0:00:07]} 11. O-O {[%emt 0:00:03]} Bd7 {[%emt 0:00:04]} 12. e4 {[%emt 0:00:05]} Nc5 {[%emt 0:00:13]} 13. h3 {[%emt 0:00:02]} g6 {[%emt 0:00:13]} 14. Be3 {[%emt 0:00:02]} c6 {[%emt 0:00:48]} 15. Qd2 {[%emt 0:00:18]} cxd5 {[%emt 0:00:05]} 16. cxd5 {[%emt 0:00:04]} Rc8 {[%emt 0:00:03]} 17. f4 {[%emt 0:00:15]} exf4 {[%emt 0:00:12]} 18. Rxf4 {[%emt 0:00:00]} b5 {[%emt 0:00:55]} 19. Raf1 {[%emt 0:00:03]} Bg7 {[%emt 0:00:01]} 20. Bd4 {[%emt 0:00:04]} b4 {[%emt 0:00:01]} 21. Rxf6 {[%emt 0:00:26]} bxc3 {[%emt 0:00:03]} 22. bxc3 {[%emt 0:00:01]} Qe7 {[%emt 0:00:21]} 23. Rxf7 {[%emt 0:00:35]} Qxf7 {[%emt 0:00:01]} 24. Rxf7 {[%emt 0:00:01]} Kxf7 {[%emt 0:00:00]} 25. Qf4+ {[%emt 0:00:02]} Kg8 {[%emt 0:00:01]} 26. Bxg7 {[%emt 0:00:02]} Kxg7 {[%emt 0:00:02]} 27. Qxd6 {[%emt 0:00:00]} Ba4 {[%emt 0:00:02]} 28. Bxa4 {[%emt 0:00:06]} Nxa4 {[%emt 0:00:01]} 29. Qd7+ {[%emt 0:00:01]} Kf8 {[%emt 0:00:02]} 30. Qxa4 {[%emt 0:00:01]} Rxc3 {[%emt 0:00:01]} 31. Qd4 {[%emt 0:00:02]} Rxg3 {[%emt 0:00:02]} 32. Qf2+ {[%emt 0:00:01] Nanadzagnidze resigns (Lag: Av=1.11s, max=1.7s)} 1-0

[Event "Silkway Cup"]
[Site "T#646345FIDE"]
[Date "2020.05.28"]
[Round "8"]
[White "Shak"]
[Black "GadimbayliA"]
[Result "1-0"]
[WhiteElo "2076"]
[BlackElo "2503"]
[Annotator "TA"]
[PlyCount "95"]
[EventDate "2020.05.28"]
[EventType "swiss (blitz)"]

{[%evp 9,94,52,75,20,21,20,78,52,141,46,139,120,141,119,154,89,85,89,90,16,18,30,14,-72,-59,-59,45,0,0,0,0,0,29,42,139,162,155,0,381,374,342,368,348,372,362,324,328,51,558,0,175,165,374,374,1229,0,0,0,1172,0,0,-12,653,683,800,793,2762,2529,5517,747,707,690,852,789,29997,471,543,547,29971,29972,29984,29985,29993,29994,29995,29996,29999]} 1. d4 d5 2. c4 e5 3. dxe5 d4 4. a3 Nc6 5. Nf3 Nge7 6. Bf4 {D08: Albin Counter Gambit.} (6. b4 $16) 6... Ng6 $11 7. Bg3 Be6 (7... h5 $11 8. h4 Bf5) 8. Nbd2 {White is better.} a5 (8... h5 $14) 9. Qb3 (9. Nb3 $16) 9... Rb8 {[#]} (9... Qd7 $14) 10. e3 $146 ({Predecessor:} 10. Rd1 b5 11. Qc2 b4 12. Nb1 bxa3 13. bxa3 Bc5 14. e3 O-O 15. Bd3 Qe7 16. exd4 Nxd4 17. Nxd4 Bxd4 18. Bxg6 hxg6 19. Rxd4 {0-1 (42) Marinc,D (2041)-Penev,V (1847) Sunny Beach 2011}) 10... Be7 11. O-O-O O-O 12. exd4 (12. h4 $142) 12... Nxd4 13. Qc3 c5 14. Ne4 (14. h4 $16) 14... b5 $1 $11 15. Nxd4 cxd4 16. Rxd4 (16. Qxd4 $11 bxc4 17. Qxd8 Bxd8 18. h4) 16... Qb6 $1 $17 17. c5 Qa7 (17... Bxc5 $1 $15 18. Nxc5 b4 19. axb4 axb4) 18. Bd3 b4 19. axb4 axb4 20. Rxb4 (20. Qc2 $2 Bxc5 21. Nxc5 Rfc8 $17) 20... Rxb4 21. Qxb4 {Hoping for Qa3.} Rb8 (21... h5 $14) 22. Qa3 $16 Qb7 23. Nd6 $2 (23. Qc3 $16) 23... Qc6 $2 {[%mdl 8192]} (23... Bxd6 $1 $11 24. exd6 Ra8) 24. Be4 $18 Bd5 25. Bxd5 Qxd5 26. Rd1 Qxg2 27. Qa4 Qf3 28. c6 $2 ({White should play} 28. Qc4 $18) 28... Bd8 $2 {[%mdl 8192] [#]} ({Avoid the trap} 28... Bg5+ $2 29. Kb1 $18) ({Black should try} 28... Rb6 $1 $14) 29. Kc2 $2 (29. e6 $1 $18 Bc7 (29... fxe6 30. Nf7) 30. exf7+ Kf8 31. Ne4) 29... Bc7 $2 (29... Qe2+ $11 {and Black has nothing to worry.} 30. Rd2 Rxb2+ 31. Kxb2 Qxd2+ 32. Qc2 Qb4+ 33. Qb3 Qd2+ 34. Kb1 Nxe5 {[%mdl 64] Decoy} 35. Bxe5 Qe1+ {[%mdl 64] Double Attack} 36. Ka2 Qa5+ 37. Kb1 Qe1+ {[%mdl 64] Double Attack} 38. Kc2 Qxf2+ 39. Kd3 Qf3+ {[%mdl 64] Double Attack} 40. Kc4 Qxc6+ 41. Kb4 Qb6+ 42. Kc4 Qc6+ 43. Kd4 Bb6+ 44. Kd3 Qf3+ 45. Kc2 Qf2+ 46. Kb1 Qe1+ {[%mdl 64] Double Attack} 47. Kc2 Qf2+ 48. Kb1 Qe1+ {[%mdl 64] Double Attack} 49. Kc2 Qf2+) 30. Rd2 $1 Rb6 $2 (30... h5) 31. Ne4 {Black must now prevent e6!} h5 $2 (31... h6 32. e6 {[%mdl 64] Discovered Attack} Ne7 33. Bxc7 Rxc6+ 34. Nc3 Qf5+ 35. Kc1 Qxe6) 32. Rd3 Qe2+ $1 33. Rd2 Qf3 $1 {[#]} 34. Rd7 $2 (34. e6 $1 $18 fxe6 35. Bxc7) 34... Qe2+ $11 35. Nd2 Bxe5 $2 {[%mdl 8192]} (35... Ra6 $11 36. Qc4 Qxc4+ 37. Nxc4 Rxc6) 36. Bxe5 $18 Qxe5 37. c7 Qxb2+ 38. Kd1 Rb8 39. cxb8=Q+ (39. Rd8+ $142 Rxd8 40. cxd8=Q+ Kh7 41. Qd5 $1 {[%mdl 576] Double Attack}) 39... Qxb8 40. Qd4 {Rd8+ is the strong threat.} Qxh2 {[#]} 41. Qd5 $1 Qxf2 42. Ne4 (42. Rd8+ $142 Nf8 {[#]} 43. Rxf8+ $1 {[%mdl 576] Back Rank, Clearance} Kxf8 44. Qd8#) 42... Qf3+ 43. Kc2 {Intending Rd8+ and mate.} Qg2+ 44. Kb3 {White mates.} Qf3+ 45. Kb4 h4 46. Rd8+ Nf8 {[#]} 47. Rxf8+ $1 {[%mdl 64] Back Rank, Clearance} Kxf8 48. Qd8# {Accuracy: White = 49%, Black = 34%.} 1-0

[Event "Silkway Cup"]
[Site "T#646345FIDE"]
[Date "2020.05.28"]
[Round "8"]
[White "Gul91"]
[Black "AbdullaKh"]
[Result "1-0"]
[WhiteElo "2039"]
[BlackElo "1674"]
[Annotator "NA"]
[PlyCount "43"]
[EventDate "2020.05.28"]
[EventType "swiss (blitz)"]

1. e4 {[%emt 0:00:01]} c5 {[%emt 0:00:01]} 2. Nf3 {[%emt 0:00:02]} e6 {[%emt 0:00:02]} 3. b3 {[%emt 0:00:01]} Nc6 {[%emt 0:00:02]} 4. Bb2 {[%emt 0:00:01]} d6 {[%emt 0:00:03]} 5. d4 {[%emt 0:00:02]} cxd4 {[%emt 0:00:02]} 6. Nxd4 {[%emt 0:00:00]} Nf6 {[%emt 0:00:01]} 7. Bd3 {[%emt 0:00:02]} Be7 {[%emt 0:00:11]} 8. O-O {[%emt 0:00:02]} e5 {[%emt 0:00:09]} 9. Nxc6 {[%emt 0:00:20]} bxc6 {[%emt 0:00:00]} 10. c4 {[%emt 0:00:02]} O-O {[%emt 0:00:09]} 11. Nd2 {[%emt 0:00:04]} a5 {[%emt 0:00:02]} 12. f4 {[%emt 0:00:07]} Ng4 {[%emt 0:00:39]} 13. Qe2 {[%emt 0:00:10]} d5 {[%emt 0:00:55]} 14. exd5 {[%emt 0:00:13]} Bc5+ {[%emt 0:00:04]} 15. Kh1 {[%emt 0:00:03]} Qh4 {[%emt 0:00:14]} 16. g3 {[%emt 0:00:14]} Qh3 {[%emt 0:00:14]} 17. Ne4 {[%emt 0:00:13]} Ba7 {[%emt 0:00:14]} 18. dxc6 {[%emt 0:00:35]} Ne3 {[%emt 0:00:08]} 19. Ng5 {[%emt 0:00:07]} Qxf1+ {[%emt 0:00:03]} 20. Rxf1 {[%emt 0:00:03]} Nxf1 {[%emt 0:00:02]} 21. Bxh7+ {[%emt 0:00:06]} Kh8 {[%emt 0:00:03]} 22. Qh5 {[%emt 0:00:05] AbdullaKh resigns (Lag: Av=0.58s, max=0.9s)} 1-0

[Event "Silkway Cup"]
[Site "T#646345FIDE"]
[Date "2020.05.28"]
[Round "8"]
[White "VugarAsadli"]
[Black "Muradli mahammad"]
[Result "1-0"]
[WhiteElo "1987"]
[BlackElo "2502"]
[Annotator "TA"]
[PlyCount "117"]
[EventDate "2020.05.28"]
[EventType "swiss (blitz)"]

{[%evp 13,117,7,46,-11,7,-3,32,47,65,85,92,87,93,69,78,82,69,46,241,235,233,233,216,206,215,176,235,235,275,264,346,346,391,387,394,389,377,379,379,368,373,365,372,388,436,440,441,441,441,434,427,421,453,441,436,430,461,453,487,480,690,670,661,662,685,580,572,553,504,0,506,490,456,394,391,391,391,367,499,480,622,595,1250,1209,902,425,425,424,410,252,384,354,391,391,400,416,29989,29990,29990,29991,29995,29974,7260,29959,29977,29978]} 1. e4 c5 2. Nc3 d6 3. g3 g6 4. Bg2 Bg7 5. d3 Nc6 6. Be3 e6 7. Qd2 h5 8. h3 {B26: Closed Sicilian: 3 g3, lines with early Be3.} (8. Nge2 $14) 8... Nge7 $11 9. Nge2 a6 10. d4 {[#] White is slightly better.} cxd4 $146 ({Predecessor:} 10... c4 11. d5 exd5 12. Nxd5 Nxd5 13. exd5 Na5 14. Bd4 Bxd4 15. Nxd4 O-O 16. O-O-O Bd7 {1-0 (40) Vidovic,S (2300)-Radulovic,B (2308) Sibenik 2008}) 11. Nxd4 Ne5 {[#] Black wants to play ...Nc4.} 12. b3 $1 b5 13. f4 N5c6 14. Nxc6 Nxc6 15. e5 $36 {[%mdl 2048] White fights for an advantage.} Bb7 $2 {Black is on the road to losing.} (15... d5 $14) 16. Ne4 $18 ({Not} 16. exd6 Qa5 $15) 16... O-O 17. Nxd6 Qc7 18. Rd1 Rad8 {and if ...Nxe5 works, Black does fine.} 19. O-O Ba8 (19... Na5 {keeps fighting.} 20. Qe2 Bxg2 21. Qxg2 Rd7) 20. Qf2 Qb8 21. Bc5 Ne7 22. Ba7 Qc7 23. Bb6 {[%mdl 64] Skewer} Qb8 24. Bxd8 Rxd8 25. Bxa8 Qxa8 26. Qf3 Qa7+ 27. Kg2 b4 28. Qb7 Rd7 29. Qxa7 Rxa7 30. Rd4 a5 31. Rfd1 Nd5 32. Kf3 Rc7 33. R1d2 Rc3+ 34. R4d3 Rc7 35. Nc4 a4 36. Ne3 Nc3 (36... axb3 $142 37. cxb3 Nxe3 38. Rxe3 Bf8) 37. bxa4 Nxa4 38. Rd8+ Bf8 39. Ra8 Nb6 40. Rb8 Nd7 41. Ra8 $2 (41. Rd8 $18 Nb6 42. Re8) 41... Kg7 $2 {[%mdl 8192]} (41... Nb6 $1 $11 42. Re8 Kg7) 42. g4 hxg4+ 43. Nxg4 Be7 44. Re8 Nb6 45. Ne3 Na4 46. h4 Nc3 {[#]} 47. h5 $1 gxh5 48. Rg2+ Kh7 49. Rgg8 (49. f5 $142 f6 50. fxe6 fxe5 51. Nf5 e4+ 52. Kf4) 49... f5 50. Rh8+ Kg6 51. Rc8 Ra7 (51... Rxc8 $142 52. Rxc8 Nxa2) 52. Rcg8+ Kf7 53. Rb8 Ne4 54. Rxh5 Rxa2 (54... Kg7 $18 55. Rbh8 Rc7 56. R5h7+ Kg6) 55. Rh7+ Kg6 56. Rxe7 b3 57. Rxb3 Nd2+ 58. Kg3 Ne4+ 59. Kh3 {Accuracy: White = 85%, Black = 50%.} 1-0

[Event "Silkway Cup"]
[Site "T#646345FIDE"]
[Date "2020.05.28"]
[Round "8"]
[White "Ahmadzada"]
[Black "Misi_95"]
[Result "1-0"]
[WhiteElo "1881"]
[BlackElo "1914"]
[Annotator "NA"]
[PlyCount "89"]
[EventDate "2020.05.28"]
[EventType "swiss (blitz)"]

1. e4 {[%emt 0:00:03]} e5 {[%emt 0:00:02]} 2. Nf3 {[%emt 0:00:01]} Nc6 {[%emt 0:00:01]} 3. Bb5 {[%emt 0:00:01]} a6 {[%emt 0:00:02]} 4. Ba4 {[%emt 0:00:02]} d6 {[%emt 0:00:04]} 5. O-O {[%emt 0:00:02]} Bd7 {[%emt 0:00:01]} 6. c3 {[%emt 0:00:02]} g6 {[%emt 0:00:01]} 7. d4 {[%emt 0:00:01]} Bg7 {[%emt 0:00:00]} 8. dxe5 {[%emt 0:00:10]} Nxe5 {[%emt 0:00:17]} 9. Bxd7+ {[%emt 0:00:03]} Nxd7 {[%emt 0:00:06]} 10. c4 {[%emt 0:00:11]} Ngf6 {[%emt 0:00:09]} 11. Nc3 {[%emt 0:00:01]} O-O {[%emt 0:00:00]} 12. Re1 {[%emt 0:00:07]} Ne5 {[%emt 0:00:22]} 13. b3 {[%emt 0:00:32]} Nxf3+ {[%emt 0:00:27]} 14. Qxf3 {[%emt 0:00:00]} Nd7 {[%emt 0:00:07]} 15. Bb2 {[%emt 0:00:02]} Qf6 {[%emt 0:00:10]} 16. Qe2 {[%emt 0:00:15]} Rae8 {[%emt 0:00:21]} 17. Rad1 {[%emt 0:00:08]} Qg5 {[%emt 0:00:21]} 18. Nd5 {[%emt 0:00:05]} Bxb2 {[%emt 0:00:14]} 19. Qxb2 {[%emt 0:00:00]} c6 {[%emt 0:00:14]} 20. Nc3 {[%emt 0:00:17]} Re6 {[%emt 0:00:03]} 21. Re3 {[%emt 0:00:09]} Rfe8 {[%emt 0:00:06]} 22. Red3 {[%emt 0:00:21]} Nc5 {[%emt 0:00:19]} 23. Rxd6 {[%emt 0:00:03]} Rxd6 {[%emt 0:00:02]} 24. Rxd6 {[%emt 0:00:00]} Nxe4 {[%emt 0:00:01]} 25. Nxe4 {[%emt 0:00:02]} Rxe4 {[%emt 0:00:00]} 26. g3 {[%emt 0:00:03]} h5 {[%emt 0:00:06]} 27. h4 {[%emt 0:00:45]} Qe7 {[%emt 0:00:02]} 28. Rd1 {[%emt 0:00:17]} Re2 {[%emt 0:00:11]} 29. Qc3 {[%emt 0:00:10]} Rxa2 {[%emt 0:00:05]} 30. Re1 {[%emt 0:00:01]} Re2 {[%emt 0:00:01]} 31. Rd1 {[%emt 0:00:02]} b5 {[%emt 0:00:02]} 32. cxb5 {[%emt 0:00:01]} cxb5 {[%emt 0:00:01]} 33. Qc8+ {[%emt 0:00:01]} Kg7 {[%emt 0:00:02]} 34. Qxa6 {[%emt 0:00:02]} Qc5 {[%emt 0:00:06]} 35. Rf1 {[%emt 0:00:03]} Rb2 {[%emt 0:00:04]} 36. Qa1 {[%emt 0:00:01]} Qc3 {[%emt 0:00:01]} 37. Rc1 {[%emt 0:00:03]} Qxb3 {[%emt 0:00:02]} 38. Rb1 {[%emt 0:00:01]} Qd5 {[%emt 0:00:02]} 39. Qxb2+ {[%emt 0:00:02]} Kg8 {[%emt 0:00:00]} 40. Qxb5 {[%emt 0:00:00]} Qe4 {[%emt 0:00:01]} 41. Qb8+ {[%emt 0:00:02]} Kg7 {[%emt 0:00:01]} 42. Qb7 {[%emt 0:00:00]} Qd3 {[%emt 0:00:01]} 43. Qb2+ {[%emt 0:00:01]} Kg8 {[%emt 0:00:01]} 44. Rc1 {[%emt 0:00:00]} Kh7 {[%emt 0:00:01]} 45. Rc8 {[%emt 0:00:03] Misi_95 terk eder (Lag: Av=0.42s, max=0.9s)} 1-0

[Event "Silkway Cup"]
[Site "T#646345FIDE"]
[Date "2020.05.28"]
[Round "8"]
[White "Skoffee"]
[Black "EXpresident"]
[Result "0-1"]
[WhiteElo "1842"]
[BlackElo "2626"]
[Annotator "TA"]
[PlyCount "124"]
[EventDate "2020.05.28"]
[EventType "swiss (blitz)"]

{[%evp 11,124,1,19,-63,3,7,2,-68,-55,-56,0,-93,-98,-108,0,0,49,0,94,92,334,137,141,77,88,50,62,0,108,10,66,-5,65,41,71,12,64,0,62,25,41,0,0,0,0,0,0,0,0,0,0,0,0,0,0,0,0,0,0,-64,-77,-331,-319,-341,-350,-648,-612,-562,-523,-831,-818,-886,-703,-1001,-988,-1894,-1842,-1225,-1142,-2059,-1850,-5924,-5797,-6425,-5970,-29973,-29975,-29979,-29979,-29981,-29981,-29978,-29977,-29983,-29984,-29984,-29985,-29984,-29985,-29986,-29983,-29984,-29985,-29985,-29985,-29986,-29987,-29987,-29988,-29988,-29989,-29989,-29989,-29990,-29991]} 1. e4 c5 2. Nf3 d6 3. d4 cxd4 4. Qxd4 Nc6 5. Bb5 Bd7 6. Bxc6 Bxc6 7. Bg5 {B53: Sicilian: 2...d6: Lines with Qxd4.} (7. c4 $11) 7... Nf6 (7... f6 $1 $15 8. Be3 e5) 8. Bxf6 $11 gxf6 9. c4 (9. Nc3 $11) 9... Rg8 $1 $15 10. O-O {[#]} Qb6 $146 (10... Bg7 $15 11. Qd3 f5 $1 {[%mdl 512]}) ({Predecessor:} 10... f5 11. Nbd2 Qa5 12. Rab1 fxe4 13. Nxe4 O-O-O 14. b4 Qf5 15. Ng3 Bxf3 16. gxf3 Qxf3 {½-½ (43) Navratil,F (2206)-Knizek,J (2215) Czechia 2004}) 11. Qxb6 (11. Nc3 $11 {keeps the balance.}) 11... axb6 $17 12. Nc3 e6 (12... f5 $1 $17 13. Nd5 Bxd5 14. exd5 Bg7) 13. Nd4 $11 Ke7 (13... f5 $5) 14. Rfe1 Bd7 (14... f5 $11) 15. Rad1 $16 Rd8 $2 {[#]} (15... h5 $16) 16. Rd3 (16. Nd5+ $1 $18 {[%mdl 512]} exd5 17. exd5+ Be6 18. dxe6) 16... Bh6 17. Re2 (17. Red1 $142) 17... Bf4 18. Nf5+ Kf8 19. Nd4 (19. Ne3 $14) 19... Be5 (19... Ke7 $1 $11) 20. Nf3 (20. Red2 $16) 20... Ke7 (20... Bxc3 $1 $11 21. Rxc3 Ra8) 21. Red2 (21. Nxe5 $14 dxe5 22. Red2) 21... Bc6 ({Better is} 21... Bxc3 $1 $11 22. Rxc3 Ra8) 22. Nd4 h5 23. Kf1 (23. Nxc6+ $16 bxc6 24. Ne2) 23... h4 (23... Bxd4 $11 24. Rxd4 f5) 24. Rh3 {[#]} (24. Nxc6+ $14 bxc6 25. Ne2) 24... Rh8 ({Black should try} 24... f5 $1 $11 {[%mdl 512]}) 25. Nde2 Rdg8 26. f4 Bxc3 $1 27. Nxc3 Rg4 28. Rf2 Rhg8 29. Re3 f5 30. Nd5+ Bxd5 31. exd5 $11 {[%mdl 4096] Endgame KRR-KRR} Rc8 32. b3 b5 33. dxe6 fxe6 34. cxb5 Rc1+ 35. Ke2 (35. Re1 $11 Rc5 36. a4) 35... Rc2+ $15 36. Kf3 $2 {[%mdl 8192] [#]} (36. Ke1 $17 Rxf2 37. Kxf2) 36... Rxf4+ $1 $19 {[%mdl 576] Deflection} 37. Kxf4 Rxf2+ {KR-KR} 38. Kg5 $2 (38. Rf3 Rxg2 39. Rh3) 38... Rxg2+ {[%mdl 64] Double Attack} 39. Kxh4 Rxh2+ 40. Kg3 Rxa2 41. Rc3 Rb2 42. Rc7+ Kf6 43. Rxb7 Rxb3+ 44. Kf2 Ke5 45. Rb8 Kf4 46. b6 e5 47. Ke2 d5 48. b7 d4 {Black mates.} 49. Kd2 e4 50. Kc2 Rb4 51. Kd2 Kf3 52. Kc2 f4 53. Kd2 d3 54. Kc3 Rb6 55. Kd2 Kf2 56. Rf8 Rb2+ 57. Kc3 Rxb7 58. Rxf4+ Ke3 59. Rh4 Rc7+ 60. Kb2 d2 61. Rh3+ Kd4 62. Rh1 e3 {Never resign too early! Accuracy: White = 35%, Black = 69%.} 0-1

[Event "Silkway Cup"]
[Site "T#646345FIDE"]
[Date "2020.05.28"]
[Round "8"]
[White "NIKiler"]
[Black "NikaVolkov"]
[Result "0-1"]
[WhiteElo "1787"]
[BlackElo "1928"]
[PlyCount "118"]
[EventDate "2020.05.28"]
[EventType "swiss (blitz)"]

1. d4 {[%emt 0:00:03]} e6 {[%emt 0:00:01]} 2. c4 {[%emt 0:00:01]} d5 {[%emt 0:00:01]} 3. Nf3 {[%emt 0:00:02]} Nf6 {[%emt 0:00:01]} 4. Nc3 {[%emt 0:00:01]} c6 {[%emt 0:00:01]} 5. e3 {[%emt 0:00:06]} Bd6 {[%emt 0:00:01]} 6. Bd3 {[%emt 0:00:41]} Nbd7 {[%emt 0:00:02]} 7. O-O {[%emt 0:00:02]} O-O {[%emt 0:00:02]} 8. b3 {[%emt 0:00:02]} Qe7 {[%emt 0:00:05]} 9. Bb2 {[%emt 0:00:01]} Ba3 {[%emt 0:00:05]} 10. Bxa3 {[%emt 0:00:03]} Qxa3 {[%emt 0:00:00]} 11. e4 {[%emt 0:00:06]} dxc4 {[%emt 0:00:06]} 12. Bxc4 {[%emt 0:00:05]} Qa5 {[%emt 0:00:04]} 13. Qd2 {[%emt 0:00:05]} e5 {[%emt 0:00:19]} 14. d5 {[%emt 0:00:19]} cxd5 {[%emt 0:00:10]} 15. Nxd5 {[%emt 0:00:03]} Qxd2 {[%emt 0:00:01]} 16. Nxd2 {[%emt 0:00:00]} Nxd5 {[%emt 0:00:09]} 17. Bxd5 {[%emt 0:00:02]} Nf6 {[%emt 0:00:05]} 18. Nc4 {[%emt 0:00:03]} Nxd5 {[%emt 0:00:23]} 19. exd5 {[%emt 0:00:00]} f6 {[%emt 0:00:00]} 20. Rac1 {[%emt 0:00:02]} Rd8 {[%emt 0:00:05]} 21. Rfd1 {[%emt 0:00:03]} b6 {[%emt 0:00:04]} 22. Ne3 {[%emt 0:00:05]} Rd7 {[%emt 0:00:11]} 23. d6 {[%emt 0:00:05]} Bb7 {[%emt 0:00:04]} 24. Rc7 {[%emt 0:00:08]} Rad8 {[%emt 0:00:01]} 25. Rdc1 {[%emt 0:00:02]} Kf7 {[%emt 0:00:07]} 26. a4 {[%emt 0:00:21]} Ke6 {[%emt 0:00:02]} 27. f3 {[%emt 0:00:16]} g6 {[%emt 0:00:10]} 28. Nc4 {[%emt 0:00:13]} Rxc7 {[%emt 0:00:37]} 29. dxc7 {[%emt 0:00:00]} Rc8 {[%emt 0:00:00]} 30. Na3 {[%emt 0:00:17]} a6 {[%emt 0:00:28]} 31. b4 {[%emt 0:00:19]} Kd7 {[%emt 0:00:01]} 32. Nc4 {[%emt 0:00:01]} Rxc7 {[%emt 0:00:21]} 33. Rd1+ {[%emt 0:00:01]} Ke7 {[%emt 0:00:02]} 34. Nxb6 {[%emt 0:00:01]} Ke6 {[%emt 0:00:04]} 35. h4 {[%emt 0:00:07]} f5 {[%emt 0:00:01]} 36. Rd8 {[%emt 0:00:03]} Bc6 {[%emt 0:00:05]} 37. a5 {[%emt 0:00:11]} e4 {[%emt 0:00:01]} 38. fxe4 {[%emt 0:00:01]} Bxe4 {[%emt 0:00:00]} 39. g3 {[%emt 0:00:04]} Rc2 {[%emt 0:00:03]} 40. Kf1 {[%emt 0:00:02]} Rb2 {[%emt 0:00:02]} 41. Rd4 {[%emt 0:00:02]} h6 {[%emt 0:00:06]} 42. Na4 {[%emt 0:00:04]} Rb1+ {[%emt 0:00:02]} 43. Kf2 {[%emt 0:00:01]} Ke5 {[%emt 0:00:00]} 44. Rc4 {[%emt 0:00:02]} Bd5 {[%emt 0:00:02]} 45. Rc5 {[%emt 0:00:03]} Kd4 {[%emt 0:00:04]} 46. Nb6 {[%emt 0:00:07]} Rb2+ {[%emt 0:00:04]} 47. Ke1 {[%emt 0:00:02]} Be4 {[%emt 0:00:00]} 48. Kd1 {[%emt 0:00:02]} Kd3 {[%emt 0:00:02]} 49. Kc1 {[%emt 0:00:02]} Rxb4 {[%emt 0:00:02]} 50. Rc7 {[%emt 0:00:01]} Ke3 {[%emt 0:00:01]} 51. Kd1 {[%emt 0:00:01]} Rb1+ {[%emt 0:00:01]} 52. Rc1 {[%emt 0:00:01]} Rxc1+ {[%emt 0:00:01]} 53. Kxc1 {[%emt 0:00:00]} Kf3 {[%emt 0:00:00]} 54. Nd7 {[%emt 0:00:00]} Kxg3 {[%emt 0:00:01]} 55. Ne5 {[%emt 0:00:00]} f4 {[%emt 0:00:01]} 56. Kd2 {[%emt 0:00:02]} f3 {[%emt 0:00:00]} 57. Ke1 {[%emt 0:00:00]} f2+ {[%emt 0:00:01]} 58. Kf1 {[%emt 0:00:00]} Bg2+ {[%emt 0:00:01]} 59. Ke2 {[%emt 0:00:01]} f1=Q+ {[%emt 0:00:00] NIKiler resigns (Lag: Av=0.67s, max=1.1s)} 0-1